| 000 | 01027nas a2200313 4500 | ||
|---|---|---|---|
| 001 | BR9001133 | ||
| 003 | BR-BrBNA | ||
| 005 | 20231205091830.0 | ||
| 007 | ta | ||
| 008 | 230509b bl.|||p| |||| 00| 00por d | ||
| 040 |
_aBR-BrBNA _bpor _cBiblioteca Nacional de Agricultura |
||
| 041 | _a(Pt) | ||
| 072 | _aF62; F40; P40 | ||
| 100 | 1 | _aRocha, A.C. da | |
| 100 | 1 | _aTavares, E.D. | |
| 100 | 1 | _aSandrini, M. | |
| 100 | 1 | _aPaiva, R. | |
| 100 | 1 | _aCarvalho, S.A. de | |
| 245 | 1 | _aEpoca e intensidade de florescimento e pegamento de frutos segundo a distribuicao pelos quadrantes em laranjeiras | |
| 246 | 1 | _aBlooming season, blooming intensity and fruit growth according to the distribution by quadrants in orange trees | |
| 650 | _aLARANJA | ||
| 650 | _aFRUTO | ||
| 650 | _aFLORACAO | ||
| 650 | _aCLIMA | ||
| 650 | _aLAVRAS | ||
| 773 | 0 |
_tPesquisa Agropecuaria Brasileira (Brazil) _xISSN 0100-204X _g(Jan 1990), v. 25(1) p. 85-88 _wBR9001133 |
|
| 909 |
_a202311 _bLúcia _c55 _dLúcia Elande |
||
| 942 |
_2AGRIS _n0 _cANA |
||
| 999 |
_c127625 _d127625 |
||